000 00316nam a22001457a 4500
008 230927b ||||| |||| 00| 0 eng d
020 _a9780801422348
041 _aeng
080 _a618
082 _a618MIN
100 _a15
101 _aGJINEKO
245 _aTHE WAGES OF MOTHERHOOD
_cMINK.G
942 _2udc
_cBK
999 _c60409
_d60409